Studies in anthropology : (Record no. 123989)

MARC details
000 -LEADER
fixed length control field 00761nam a22002537a 4500
003 - CONTROL NUMBER IDENTIFIER
control field dpl
005 - DATE AND TIME OF LATEST TRANSACTION
control field 20180808122205.0
008 - FIXED-LENGTH DATA ELEMENTS--GENERAL INFORMATION
fixed length control field 180808b xxu||||| |||| 00| 0 eng d
010 ## - LIBRARY OF CONGRESS CONTROL NUMBER
LC control number A-899805
020 ## - INTERNATIONAL STANDARD BOOK NUMBER
Terms of availability 00.00
International Standard Book Number 812100358
035 ## - SYSTEM CONTROL NUMBER
System control number A-899805, A-899809
037 ## - SOURCE OF ACQUISITION
Source of stock number/acquisition Cen Lib/Ret
040 ## - CATALOGING SOURCE
Original cataloging agency DPL
Language of cataloging EN
Transcribing agency 0
082 ## - DEWEY DECIMAL CLASSIFICATION NUMBER
Classification number 301
Item number STU
100 ## - MAIN ENTRY--PERSONAL NAME
Personal name Sengupta, Sarthak
245 ## - TITLE STATEMENT
Title Studies in anthropology :
Statement of responsibility, etc edited by Sarthak Sengupta
Remainder of title recent perspectives /
260 ## - PUBLICATION, DISTRIBUTION, ETC. (IMPRINT)
Place of publication, distribution, etc New Delhi
Name of publisher, distributor, etc Inter- India publications
Date of publication, distribution, etc 1997
270 ## - ADDRESS
City New Delhi
Address D-17, Raja garden
Postal code 110015
300 ## - PHYSICAL DESCRIPTION
Extent 399p.
Dimensions 20cm(Hb)
500 ## - GENERAL NOTE
General note Inludes index
650 ## - SUBJECT ADDED ENTRY--TOPICAL TERM
Topical term or geographic name as entry element Anthropology--India
9 (RLIN) 91082
700 ## - ADDED ENTRY--PERSONAL NAME
Personal name Sen, Gupta
9 (RLIN) 8819
942 ## - ADDED ENTRY ELEMENTS (KOHA)
Source of classification or shelving scheme Dewey Decimal Classification
Koha item type English Books
Classification part 301
Call number suffix STU
Holdings
Withdrawn status Lost status Damaged status Not for loan Home library Current library Date acquired Source of acquisition Cost, normal purchase price Total Checkouts Full call number Barcode Date last seen Copy number Cost, replacement price Price effective from Koha item type Source of classification or shelving scheme Collection code
        Central Library Central Library 13/06/2015 Cen Lib/Ret 0.00   301 STU A-899805 13/06/2015 1 0.00 13/06/2015 English Books    
        Shahdara Branch Shahdara Branch 08/08/2018 BPPD/PUB 0.00   301 STU A-899809 08/08/2018   0.00 08/08/2018 English Books Dewey Decimal Classification Non-fiction

© Delhi Public Library
Hit Counter
free hit counter